Regional planning guidance for the East Midlands to 2021 (RPG8) (Record no. 103063)
[ view plain ]
| 000 -LEADER | |
|---|---|
| fixed length control field | 01590cam a2200361 4500 |
| 008 - FIXED-LENGTH DATA ELEMENTS--GENERAL INFORMATION | |
| fixed length control field | 030915n2002 000 0 eng u |
| 020 ## - INTERNATIONAL STANDARD BOOK NUMBER | |
| International Standard Book Number | 0117536261 |
| 035 ## - SYSTEM CONTROL NUMBER | |
| System control number | (Sirsi) u123587 |
| 041 ## - LANGUAGE CODE | |
| Language code of text/sound track or separate title | eng |
| 050 ## - LIBRARY OF CONGRESS CALL NUMBER | |
| Classification number | 711.309425 |
| -- | 18 |
| 110 ## - MAIN ENTRY--CORPORATE NAME | |
| Corporate name or jurisdiction name as entry element | Government Office for the East Midlands |
| 9 (RLIN) | 4525 |
| 245 ## - TITLE STATEMENT | |
| Title | Regional planning guidance for the East Midlands to 2021 (RPG8) |
| 260 ## - PUBLICATION, DISTRIBUTION, ETC. | |
| Place of publication, distribution, etc. | London |
| Name of publisher, distributor, etc. | Stationery Office |
| Date of publication, distribution, etc. | 2002 |
| 300 ## - PHYSICAL DESCRIPTION | |
| Extent | iii, 114p. |
| Dimensions | 30cm. |
| 350 ## - PRICE (NR) (BK AM CF MU VM SE) [OBSOLETE] | |
| Price | 22 |
| 490 ## - SERIES STATEMENT | |
| Series statement | RPG |
| Volume/sequential designation | 8 |
| 520 ## - SUMMARY, ETC. | |
| Summary, etc. | Covers the counties of Derbyshire, Leicestershire, Lincolnshire, Northamptonshire and Nottinghamshire, and includes the unitary authorities of Derby, Leicester, Nottingham and Rutland. For land use planning and regional strategy purposes, the whole of the Peak District National Park is treated as part of the East Midlands region. View RPG8 at www.go-em.gov.uk/planning/. Not found when searched for online 28/11/11 |
| 520 ## - SUMMARY, ETC. | |
| Summary, etc. | Supersedes 1994 edition (ISBN 011752929X). |
| 650 ## - SUBJECT ADDED ENTRY--TOPICAL TERM | |
| Topical term or geographic name entry element | DERBYSHIRE |
| 650 ## - SUBJECT ADDED ENTRY--TOPICAL TERM | |
| Topical term or geographic name entry element | LEICESTERSHIRE |
| 650 ## - SUBJECT ADDED ENTRY--TOPICAL TERM | |
| Topical term or geographic name entry element | LINCOLNSHIRE |
| 650 ## - SUBJECT ADDED ENTRY--TOPICAL TERM | |
| Topical term or geographic name entry element | NORTHAMPTONSHIRE |
| 650 ## - SUBJECT ADDED ENTRY--TOPICAL TERM | |
| Topical term or geographic name entry element | NOTTINGHAMSHIRE |
| 650 ## - SUBJECT ADDED ENTRY--TOPICAL TERM | |
| Topical term or geographic name entry element | PEAK DISTRICT |
| 650 ## - SUBJECT ADDED ENTRY--TOPICAL TERM | |
| Topical term or geographic name entry element | EAST MIDLANDS |
| 650 ## - SUBJECT ADDED ENTRY--TOPICAL TERM | |
| Topical term or geographic name entry element | REGIONAL PLANNING |
| 650 ## - SUBJECT ADDED ENTRY--TOPICAL TERM | |
| Topical term or geographic name entry element | REGIONAL PLANNING GUIDANCE |
| 650 ## - SUBJECT ADDED ENTRY--TOPICAL TERM | |
| Topical term or geographic name entry element | RPG8 |
| 690 ## - LOCAL SUBJECT ADDED ENTRY--TOPICAL TERM (OCLC, RLIN) | |
| Topical term or geographic name as entry element | ENVIRONMENTAL AND LAND CONSULTANCY-PLANNING AND DEVELOPMENT |
| 710 ## - ADDED ENTRY--CORPORATE NAME | |
| Corporate name or jurisdiction name as entry element | Department for Transport, Local Government and the Regions |
| 9 (RLIN) | 4091 |
| 856 ## - ELECTRONIC LOCATION AND ACCESS | |
| Uniform Resource Identifier | <a href="https://www.go-em.gov.uk/planning/rpg.php">https://www.go-em.gov.uk/planning/rpg.php</a> |
| Public note | View RPG8 on the Government Office for the East Midlands website... |
| 942 ## - ADDED ENTRY ELEMENTS (KOHA) | |
| Suppress in OPAC | 0 |
| Withdrawn status | Lost status | Source of classification or shelving scheme | Damaged status | Not for loan | Home library | Current library | Shelving location | Date acquired | Cost, normal purchase price | Total Checkouts | Full call number | Barcode | Date last seen | Copy number | Cost, replacement price | Price effective from | Koha item type |
|---|---|---|---|---|---|---|---|---|---|---|---|---|---|---|---|---|---|
| Other/Generic Classification Scheme | London | London | Enquiry desk | 24/09/2003 | 22.00 | BOXED SET | 30067806 | 06/08/2019 | 1 | 22.00 | 06/08/2019 | Book | |||||
| Dewey Decimal Classification | Virtual | Virtual | Online | 24/09/2003 | ONLINE PUBLICATION | 123587-2001 | 06/08/2019 | 1 | 06/08/2019 | Book |